000 00548nam a22001937a 4500
999 _c7749
_d7749
003 GBCCL
005 20241126110636.0
008 180917b ||||| |||| 00| 0 eng d
040 _cGBC
082 _a236.22
_bSTR
100 _aStrauss, Lehman
_95523
245 _aLife after death
260 _aWestchester, Ill. :
_bGood News Publishers,
_c1961.
300 _a64 pages ; 19 cm.
440 _aOne evening" condensed book.
_913541
650 _aImmortality.
_910027
650 _aFuture life -- Biblical teaching.
_913542
942 _2ddc
_cBK
_05